Anuarul Statistic al Republicii socialiste Romania 1983
Salvato in:
| Natura: | Libro |
|---|---|
| Lingua: | rumeno |
| Pubblicazione: |
Bucuresti
Directia centrala de statistica
1983
|
| Tags: |
Nessun Tag, puoi essere il primo ad aggiungerne!!
|
MARC
| LEADER | 00000nam a2200000 4500 | ||
|---|---|---|---|
| 001 | c116430 | ||
| 005 | 20221220090440.9 | ||
| 041 | 0 | |a rum | |
| 044 | |a RO | ||
| 245 | 1 | 0 | |a Anuarul Statistic al Republicii socialiste Romania 1983 |
| 264 | 1 | |a Bucuresti |b Directia centrala de statistica |c 1983 | |
| 300 | |a 355 s. | ||